1784 1801 1304 1499 1417 1550 1835 1569 1635 1239 1794 1565 1139 1026 1096 1259 1663 1999 1699 1879 1355 1201 1213 1640 1838 1290 1748 1931 1613 1034 1853 1589 1355 1482 1085 1170 1789 1630 1142 1849 1149 1613 1994 1785 1499 1315 1112 1868 1491 1521 1710 1016 1062 1499 1916 1185 1487 1962 1340 1086 1565 1192 1305 1144 1409 1373 1356 1618 1035 1624 1465 1015 1607 1432 1723 1787 1920 1965 1038 1021 1775 1567 1784 1551 1301 1770 1984 1718 1762 1537 1668 1772 1302 1813 1846 1788 1228 1751 1539 BCNSPRNW ULIB Ver.6.0+V

เปลี่ยนเป็นภาษาไทย

Change to English
 แสดงรายละเอียดบรรณานุกรม
  กลับหน้าหลัก

Brief Record : Get Marc (ISO 2709) : E-mail record : QR code < ปิดหน้าต่าง
LEADER : 00000nam 2200000uu 4500
001    13399121285
003     ULIB
008    121114s2549||||th 000 0 tha d
020    ^a9749480589
050 04 ^aPE1130^bก131ฝ
100 0  ^aกมลวัต ณัฐวรา
245 10 ^aฝึกพูดภาษาไทยไว้ใช้งาน =^bThai for daily use /^cกมลวัตณัฐวรา
246 31 ^aThai for daily use
260    ^aกรุงเทพฯ :^bเจ.บี.,^c2549
300    ^a237 หน้า ;^c21 ซม.
650  4 ^aภาษาไทย^xตำราสำหรับชนต่างชาติ
650  4 ^aภาษาไทย^xคำและวลีภาษาต่างประเทศ
945    ^p190^l0^i24871
995    ^aวิภา
999 ^a ใช้งานได้ทุกระบบ
รายการนี้ยังไม่มีแท็ก
คุณยังไม่ได้ล็อกอิน คุณสามารถมีกิจกรรมร่วมกับเว็บไซต์ได้ แต่ต้องล็อกอินก่อน ::
  ล็อกอิน

รายการสื่อสารสนเทศ

ลำดับที่ ประเภท เลขเรียก/บาร์โค้ด สถานที่ สถานะ
1. วิทยาศาสตร์การแพทย์ และสุขภาพ
วิทยาศาสตร์การแพทย์ และสุขภาพ
PE1130 ก131ฝ  
  Barcode: 24871
ห้องสมุดวิทยาเขตสวรรค์ประชารักษ์
►หนังสือทั่วไป
บนชั้น

รายการใกล้เคียง
    ผู้แต่ง [กมลวัต ณัฐวรา]

BibComment


ยังไม่เคยถูกคอมเมนท์

คอมเมนท์ทรัพยากรรายการนี้
  คอมเมนท์: ฝึกพูดภาษาไทยไว้..


 Copyright 2026. Bcnsprnw @Library